Normal view
MARC view
Entry Personal Name
001 - CONTROL NUMBER
- control field: 9792
003 - CONTROL NUMBER IDENTIFIER
- control field: ARRUPE
005 - DATE AND TIME OF LATEST TRANSACTION
- control field: 20140408132732.0
008 - FIXED-LENGTH DATA ELEMENTS
- fixed length control field: 140408|| aca||aabn | a|a d
040 ## - CATALOGING SOURCE
- Original cataloging agency: ARRUPE
- Transcribing agency: ARRUPE
100 ## - HEADING--PERSONAL NAME
- Personal name: O'Shea, Michael,
- Dates associated with a name: 1947-
670 ## - SOURCE DATA FOUND
- Source citation: Work cat.: (ARRUPE)0: O'Shea, Michael, 1947-, The brain :, 2005.